000 00908nam a2200253 i 4500
001 20307
003 ES-MaACL
005 20230906152256.0
007 t|
008 021111s1866 sp ||||1| spa d
080 _a913(611)
080 _a94(397.3)
100 1 _aAguirre Matiol, José.
_918886
245 1 0 _aDe Sagunto a Cartago o Impresiones de un viaje a la Corte de Túnez /
_cpor D. José Aguirre Matiol.
246 3 _aImpresiones de un viaje a la Corte de Túnez
260 _aValencia :
_b[s.n.],
_c1866 (
_fImp. de José Domenech)
300 _a136 p. ;
_c20 cm.
530 _aDisponible en formato digital.
651 4 _aSagunto-
_xHistoria.
_9136843
651 4 _aTúnez-
_xDescripción.
_9158644
651 4 _aCartago (Ciudad desaparecida)-
_xHistoria.
_9147979
852 _aES-MaACL
_jG-13860
856 _uhttp://bdh-rd.bne.es/viewer.vm?id=0000079160&page=1
_zBiblioteca Digital Hispánica
999 _c20307
_d20307